000 00640nam a2200229 a 4500
001 21945
003 CO-ViMGA
008 141112s2004 ck r 000 u spa d
020 _a8426326447
040 _aCO-ViMGA
_bspa
_cCO-ViMGA
082 0 4 _aSUHc
100 1 _aSurh, Mandy
_931381
245 1 0 _aCuando como
260 _aZaragoza :
_bEdelvives,
_c1993
300 _a24
490 _aEstoy vivo
590 _aForma de adquisición : Compra - - Precio : 11100 - - Proveedor : Cerlac
650 1 4 _aALBUMES INFANTILES
_92002
650 1 4 _aALIMENTOS PARA NIÑOS
_931382
650 1 4 _aNIÑOS - CUIDADO E HIGIENE
_926057
942 _2ddc
_cBK
999 _c30485
_d30485